000 00861nam a22001935i 4500
001 161801
003 ES-MaACL
005 20230906212350.0
008 950206s1898 sp |||| | spa d
100 1 _aPérez de Vargas, Luis.
_9131489
245 1 3 _aLa opinión y la marina :
_bCombate de Santiago /
_cpor el teniente de navío de 1ª clase Don Luis Pérez de Vargas.
260 _aEl Ferrol :
_b[s.n.],
_c1898 (
_fImp. de "El Correo Gallego")
300 _a27 p. ;
_c23 cm.
530 _aDisponible en formato digital.
650 _aBatalla de Santiago de Cuba, 1898.
_9172174
650 4 _aGuerra hispano-americana, 1898-
_xCampañas-
_zCuba.
_9159659
852 _aES-MaACL
_jT-849-F-12
_z- Enc. hol., conservando cub. original
_z- Enc. en un vol. facticio
856 _uhttp://bdh-rd.bne.es/viewer.vm?id=0000114077&page=1
_zBiblioteca Digital Hispánica
999 _c161801
_d161801